000 00590nam a22002177a 4500
003 OSt
005 20240913125335.0
008 240913b |||||||| |||| 00| 0 eng d
020 _a9781446248829
040 _cMUST
_dMUST
082 _22nd
100 _aNeil Gopee
_919125
245 _aLeadership and Management in Healthcare.
250 _a2nd.
260 _aLondon
_bSAGE
_cc2014
300 _axviii,294p. ;
_bincludes ill.
_c25cm.
440 _aLeadership and Management in Healthcare.
_919126
500 _aGlossary,Index
600 _2Management in healthcare
942 _2ddc
_cBOOK
999 _c9371
_d9371